Welcome to CU Library Online Public Access Catalogue (OPAC)

William Shakespeare: (Record no. 9639)

MARC details
000 -LEADER
fixed length control field 00389nam a22001337a 4500
005 - DATE AND TIME OF LATEST TRANSACTION
control field 20260424144304.0
008 - FIXED-LENGTH DATA ELEMENTS--GENERAL INFORMATION
fixed length control field 260424b |||||||| |||| 00| 0 eng d
020 ## - INTERNATIONAL STANDARD BOOK NUMBER
International Standard Book Number 9788174761200
050 ## - LIBRARY OF CONGRESS CALL NUMBER
Classification number PR2807
Item number .A2 BHA
100 ## - MAIN ENTRY--PERSONAL NAME
Personal name Bhatia Praveen
245 ## - TITLE STATEMENT
Title William Shakespeare:
Remainder of title Hamlet/
Statement of responsibility, etc. Praveen Bhatia
260 ## - PUBLICATION, DISTRIBUTION, ETC.
Place of publication, distribution, etc. New Delhi
Name of publisher, distributor, etc. UBS Publishers' Distributors Pvt. Ltd.
Date of publication, distribution, etc. 2011
942 ## - ADDED ENTRY ELEMENTS (KOHA)
Source of classification or shelving scheme Library of Congress Classification
Koha item type Books
Suppress in OPAC No
999 ## -
-- 9639
-- 9639
Holdings
Withdrawn status Lost status Source of classification or shelving scheme Damaged status Not for loan Collection Home library Current library Shelving location Date acquired Total checkouts Full call number Barcode Date last seen Copy number Price effective from Koha item type
    Library of Congress Classification     Non-fiction Business Library (Miotso) Business Library (Miotso) General stacks 03/27/2026   PR2807 .A2 BHA BSSM00003779 04/24/2026 1 03/27/2026 Books
    Library of Congress Classification     Non-fiction Business Library (Miotso) Business Library (Miotso) General stacks 03/27/2026   PR2807 .A2 BHA BSSM00003780 04/24/2026 2 03/27/2026 Books
© 2023-2024 Copyright: Central University Libraries. All Rights Reserved | Created by: Mahone Tech Office